Soziale Versicherung. (Record no. 37475)

MARC details
000 -LEADER
fixed length control field 00472cam a22001812 4500
001 - CONTROL NUMBER
control field ltf91013131
003 - CONTROL NUMBER IDENTIFIER
control field DLC
005 - DATE AND TIME OF LATEST TRANSACTION
control field 20260227111551.0
008 - FIXED-LENGTH DATA ELEMENTS--GENERAL INFORMATION
fixed length control field 910226s1936 gw 000 0 ger
010 ## - LIBRARY OF CONGRESS CONTROL NUMBER
LC control number ltf91013131
040 ## - CATALOGING SOURCE
Original cataloging agency DLC
Transcribing agency DLC
Modifying agency DLC
050 00 - LIBRARY OF CONGRESS CALL NUMBER
Classification number 4K 145
100 1# - MAIN ENTRY--PERSONAL NAME
Personal name Oehler, Adalbert,
Dates associated with a name 1860-1943.
245 10 - TITLE STATEMENT
Title Soziale Versicherung.
250 ## - EDITION STATEMENT
Edition statement 11.-12. ergänzte und durchgesehene Aufl.
260 ## - PUBLICATION, DISTRIBUTION, ETC.
Place of publication, distribution, etc. Leipzig,
Name of publisher, distributor, etc. W. Kohlhammer,
Date of publication, distribution, etc. 1936.
300 ## - PHYSICAL DESCRIPTION
Extent 97 p.

No items available.

Powered by Koha